000 00377nam a22001577a 4500
999 _c8905
_d8905
003 OSt
008 200713b ||||| |||| 00| 0 eng d
020 _a9788131231340
100 _aAlagarsamy ,V
245 _aPharmaceutical Chemistry of Natural Products
250 _a2013
260 _aNew Delhi
_bElsevier
300 _aPg-774
650 _aPharmacognosy
942 _2ddc
_cBK